| 000 | 00438nam a2200157 i 4500 | ||
|---|---|---|---|
| 001 | 101735 | ||
| 003 | ES-MaACL | ||
| 005 | 20230906182952.0 | ||
| 007 | t| | ||
| 008 | 051021s1935 fr ||||1| fre d | ||
| 245 | 0 | 0 | _aMélanges offerts a M. Octave Navarre par ses élèves et ses amis. |
| 260 |
_aToulouse : _bPrivat, _c1935. |
||
| 300 |
_a513 p. : _bil. ; _c24 cm. |
||
| 600 | 1 | 4 |
_aNavarre, Octave. _985033 |
| 852 | 4 |
_aES-MaACL _jA-3961 |
|
| 999 |
_c101735 _d101735 |
||